Hitch-22 : (Record no. 31034)

MARC details
000 -LEADER
fixed length control field 01137pam a2200325 i 4500
001 - CONTROL NUMBER
control field 015490064
003 - CONTROL NUMBER IDENTIFIER
control field EG-ScBUE
005 - DATE AND TIME OF LATEST TRANSACTION
control field 20251201095212.0
008 - FIXED-LENGTH DATA ELEMENTS--GENERAL INFORMATION
fixed length control field 100209s2010 enkac f 001 0aeng d
020 ## - INTERNATIONAL STANDARD BOOK NUMBER
International Standard Book Number 9781848871755 (pbk.)
040 ## - CATALOGING SOURCE
Original cataloging agency StDuBDS
Language of cataloging eng
Description conventions rda
Transcribing agency StDuBDS
Modifying agency Uk
-- EG-ScBUE
082 04 - DEWEY DECIMAL CLASSIFICATION NUMBER
Classification number 305.552092
Edition number 22
Item number HIT
100 1# - MAIN ENTRY--PERSONAL NAME
Personal name Hitchens, Christopher,
Relator term author.
245 10 - TITLE STATEMENT
Title Hitch-22 :
Remainder of title a memoir /
Statement of responsibility, etc Christopher Hitchens.
264 #1 - PUBLICATION, DISTRIBUTION, ETC. (IMPRINT)
Place of publication, distribution, etc London :
Name of publisher, distributor, etc Atlantic Books,
Date of publication, distribution, etc 2010.
300 ## - PHYSICAL DESCRIPTION
Extent 435 pages :
Other physical details illustrations, portraits ;
Dimensions 24 cm
336 ## - CONTENT TYPE
Content type term text
Source rdacontent
Content type code txt
337 ## - MEDIA TYPE
Media type term unmediated
Source rdamedia
Media type code n
338 ## - CARRIER TYPE
Carrier type term volume
Source rdacarrier
Carrier type code nc
500 ## - GENERAL NOTE
General note Includes index.
600 10 - SUBJECT ADDED ENTRY--PERSONAL NAME
Personal name Hitchens, Christopher.
Source of heading or term BUEsh
650 #7 - SUBJECT ADDED ENTRY--TOPICAL TERM
Topical term or geographic name as entry element Intellectuals
Geographic subdivision United States
Form subdivision Biography.
Source of heading or term BUEsh
650 #7 - SUBJECT ADDED ENTRY--TOPICAL TERM
Topical term or geographic name as entry element Journalists
Geographic subdivision United States
Form subdivision Biography.
Source of heading or term BUEsh
650 #7 - SUBJECT ADDED ENTRY--TOPICAL TERM
Topical term or geographic name as entry element Political activists
Geographic subdivision United States
Form subdivision Biography.
Source of heading or term BUEsh
650 #7 - SUBJECT ADDED ENTRY--TOPICAL TERM
Topical term or geographic name as entry element Authors, American
Form subdivision Biography.
Source of heading or term BUEsh
650 #7 - SUBJECT ADDED ENTRY--TOPICAL TERM
Topical term or geographic name as entry element British Americans
Form subdivision Biography.
Source of heading or term BUEsh
655 ## - INDEX TERM--GENRE/FORM
Form subdivision Reading book
942 ## - ADDED ENTRY ELEMENTS (KOHA)
Source of classification or shelving scheme Dewey Decimal Classification
Koha item type Book - Borrowing
Holdings
Withdrawn status Lost status Source of classification or shelving scheme Damaged status Not for loan Collection code Home library Current library Shelving location Date acquired Source of acquisition Total Checkouts Full call number Barcode Date last seen Price effective from Koha item type
    Dewey Decimal Classification     Donation-Gift Central Library Central Library First floor 01/12/2025 Donation   305.552092 HIT 000057431 01/12/2025 01/12/2025 Book - Borrowing